000 01004cam a2200277 a 4500
001 000015056
005 20200929163937.0
008 931129s1995 jer b 000 0 spa
020 _a9586081095(pbk.)
040 _aDO-SdBNP
_bspa
_cDLC
_dDLC
041 1 7 _aspa
_heng
082 _a296.4
_bK811l
100 1 _aKolatch, Alfred J.,
_d1916-
_934078
240 1 0 _aJewish book of why.
_lEspañol
245 1 3 _aEl libro judio del por qué /
_cAlfred J. Kolatch ; traducción del inglés Esther y Uri Benger.
260 _aBogotá, Colombia :
_bLa Semana Publicaciones, L B Publishing,
_c1995.
300 _a326 p. ;
_c22 cm.
504 _aIncluye referencias bibliográficas (p. 321-326).
534 _aTítulo del original en ingles:
_tThe jewish book of why.
650 4 _aJudíos
_xVida social y costumbres
_918259
650 4 _aJudíos
_xRitos y ceremonias
_934079
700 1 _aBenger, Esther,
_etr.
_934080
700 1 _aBenger, Uri,
_etr.
_934081
910 _aCatalogación derivada
049 _aBNGR
999 _c14629
_d14629